Las burradas del molinero : (Registro nro. 8897)

Detalles MARC
000 -LIDER
fixed length control field 00745nam a22002537a 4500
001 - NÚMERO DE CONTROL
Identificador de número de control 00260
003 - IDENTIFICACDOR DE NÚMERO DE CONTROL
control field DO-SdBNP
005 - DATE AND TIME OF LATEST TRANSACTION
control field 20180117132409.0
008 - ELEMENTOS DE LONGITUD FIJA
fixed length control field 151124b 1996 ag xxu||||| |||| 00| 0 spa d
020 ## - ISBN
International Standard Book Number 9507372970
040 ## - FUENTE DE CATALOGACIÓN
Agencia que crea de manera original el registro BPMSU
Idioma de catalogación spa
Agencia que realiza la transcripción BPMSU
092 ## - LOCALLY ASSIGNED DEWEY DECIMAL CALL NUMBER
Número de clasificación XXXXX
Número de ítem (Cutter) XXXXX
100 1# - ASIENTO PRINCIPAL -- NOMBRE PERSONAL
Nombre personal Melantoni, Enrique
245 10 - MENCIÓN DE TITULO
Título Las burradas del molinero :
Subtítulo cuento popular /
Mención de responsabilidad versión de Enrique Melantoni ; dibujos de Shula Goldman.
260 ## - PUBLICACIÓN, DISTRIBUCIÓN, ETC. (PIE DE IMPRENTA)
Lugar de publicación, distribución, etc Buenos Aires :
Nombre del editor, distribuidor, etc. Libros del Quirquincho,
Fecha de publicación, distribución, etc 1996.
300 ## - DESCRIPCIÓN FÍSICA
Materiales especificados [15] p.
Enlace il. ;
Campo enlazado y núm. de secuencia 20 cm.
490 1# - MENCIÓN DE SERIES
Mención de serie Plan de lectura
700 12 - ASIENTO SECUNDARIO -- NOMBRE PERSONAL
Nombre personal Goldman, Shula
830 #0 - ASIENTO SECUNDARIO DE SERIE--TÍTULO UNIFORME
Título uniforme Plan de lectura
910 ## - VALIDACIÓN
Validación 00260
942 ## - ADDED ENTRY ELEMENTS (KOHA)
Source of classification or shelving scheme Dewey Decimal Classification
Koha item type Libros
945 ## - INFORMACIÓN DE PROCESAMIENTO LOCAL
Información de procesamiento local inventariado, 2018
956 ## - LOCAL ELECTRONIC LOCATION AND ACCESS (OCLC)
Nombre de host Lorenza Pérez
Número de acceso 10
Existencias
Withdrawn status Lost status Source of classification or shelving scheme Damaged status Not for loan Home library Current library Date acquired Source of acquisition Total Checkouts Barcode Date last seen Copy number Price effective from Koha item type
    Dewey Decimal Classification     Biblioteca Pública Metropolitana Salomé Ureña Biblioteca Pública Metropolitana Salomé Ureña 11/24/2015 Donación   BPMSU15110469 11/24/2015 1 ej. 11/24/2015 Libros